000 00543nam a2200193Ia 4500
005 20250508153008.0
008 008 250505s9999 xx 000 0 eng d
037 _aTextual
040 _aFEDL
_beng
_cFEDL
041 _aeng
_2eng
084 _a157.9, BUR
_qFEDL
100 _aBurton Arthur
245 0 _aCounseling and psychotherapy
260 _aEnglewood Cliffs, New Jersey, USA
_bPrentice - Hall
_c1959
300 _ax,431p.
650 _aAbnormal Psychology
942 _cTEXL
_h157.9, BUR
999 _c1340054
_d1340054